Value engineering in project management (Record no. 542050)
[ view plain ]
| 000 -LEADER | |
|---|---|
| fixed length control field | 00473nam a22001577a 4500 |
| 020 ## - INTERNATIONAL STANDARD BOOK NUMBER | |
| International Standard Book Number | 812040954X |
| 082 ## - DEWEY DECIMAL CLASSIFICATION NUMBER | |
| Classification number | 624.068 |
| Author Mark | KRI |
| -- | M-40,P-31 |
| 100 ## - MAIN ENTRY--PERSONAL NAME | |
| Personal name | Krishnan, P & Saxena, K.R |
| 9 (RLIN) | 37149 |
| 245 ## - TITLE STATEMENT | |
| Title | Value engineering in project management |
| 260 ## - PUBLICATION, DISTRIBUTION, ETC. | |
| Place of publication, distribution, etc. | New Dehli,: |
| Name of publisher, distributor, etc. | Oxford & IBH Publishing Co., |
| Date of publication, distribution, etc. | c1995. |
| 300 ## - PHYSICAL DESCRIPTION | |
| Extent | 300p.: |
| Dimensions | 24cm. |
| 526 ## - STUDY PROGRAM INFORMATION NOTE | |
| Program name | 0 |
| Interest level | 0 |
| Reading level | 0 |
| Title point value | 624_068000000000000_KRI |
| 526 ## - STUDY PROGRAM INFORMATION NOTE | |
| Program name | 0 |
| Interest level | 0 |
| Reading level | 0 |
| Title point value | 624_068000000000000_KRI |
| 650 ## - SUBJECT ADDED ENTRY--TOPICAL TERM | |
| Topical term or geographic name entry element | MCE |
| 9 (RLIN) | 379 |
| 942 ## - ADDED ENTRY ELEMENTS (KOHA) | |
| Source of classification or shelving scheme | |
| Koha item type | Book |
| Withdrawn status | Lost status | Source of classification or shelving scheme | Damaged status | Not for loan | Permanent Location | Current Location | Date acquired | Total Checkouts | Full call number | Barcode | Date last seen | Price effective from | Koha item type | Copy number |
|---|---|---|---|---|---|---|---|---|---|---|---|---|---|---|
| Military College of Engineering (MCE) | Military College of Engineering (MCE) | 09/18/2013 | 624.068 KRI | MCE-34773 | 09/18/2013 | 09/18/2013 | Book | |||||||
| Military College of Engineering (MCE) | Military College of Engineering (MCE) | 09/23/2013 | 624.068 KRI | MCE-42566 | 09/23/2013 | 09/23/2013 | Book | 1 |
